Normal view
MARC view
- Carnell, Nicholas J.
Entry Personal Name
001 - CONTROL NUMBER
- control field: 1025
003 - CONTROL NUMBER IDENTIFIER
- control field: NUST
005 - DATE AND TIME OF LATEST TRANSACTION
- control field: 20170518111611.0
008 - FIXED-LENGTH DATA ELEMENTS
- fixed length control field: 170518|| aca||aabn | a|a d
040 ## - CATALOGING SOURCE
- Original cataloging agency: NUST
- Transcribing agency: NUST
100 ## - HEADING--PERSONAL NAME
- Personal name: Carnell, Nicholas J.
670 ## - SOURCE DATA FOUND
- Source citation: Work cat.: (NUST)0: Carnell, Nicholas J., Causation and delay in construction disputes /, c2005.
